| 000 | 00482nam a2200181Ia 4500 | ||
|---|---|---|---|
| 001 | 13083 | ||
| 005 | 20260306163027.0 | ||
| 008 | 260306t2006||||xx |||||||||||||| ||spa|| | ||
| 041 | _aESP | ||
| 082 |
_aRD 922.22 _bD59 T. 2 |
||
| 100 |
_aHerder Editorial _eAUT |
||
| 245 | 0 |
_aDiccionario enciclopédico de los santos: _bbiografías y conceptos básicos del culto |
|
| 260 | _c2006 | ||
| 300 |
_apágs. : _c20 cm. |
||
| 650 | _aGEN | ||
| 654 | _aCHU | ||
| 942 |
_cDIC _dJUS _fJUS _2ddc _n |
||
| 999 |
_c13083 _d13083 |
||